000
00362cam a2200169ua 4500
020
_c
1.00
041
_a
hin
_h
082
_a
891.43
_b
BAG/NA
100
_a
Bagakiram, Narayanan .
245
_a
Nanna ki najir mam
260
_a
Delhi :
_b
Rajikamal Prakash.
300
_a
126 ; .
365
_a
1.00
504
_a
942
_c
BK
999
_c
3406
_d
3406